000 00317nam a2200133Ia 4500
005 20251222144642.0
008 251222s9999||||xx |||||||||||||| ||spa||
020 _a0-7835-5899-6
082 _a372.4/C96
100 _aCullinan, Berenice E.
245 0 _aLéeme un Cuento:
264 _bTime Life Inc.
942 _cLIB
999 _c16735
_d16735